Seed orchard management by kompeng community in pro-ngil commune, phnom kravan district, pursat province; ការគ្រប់គ្រងចំការឈើពូជដោយសហគមន៍កំពែង ឃុំព្រងិល ស្រុកភ្នំក្រវាញ ខេត្តពោធិ៍សាត់ (Record no. 10712)
[ view plain ]
| 000 -LEADER | |
|---|---|
| fixed length control field | 00723nam a22001577a 4500 |
| 003 - CONTROL NUMBER IDENTIFIER | |
| control field | OSt |
| 005 - DATE AND TIME OF LATEST TRANSACTION | |
| control field | 20161103151151.0 |
| 008 - FIXED-LENGTH DATA ELEMENTS--GENERAL INFORMATION | |
| fixed length control field | 161103b xxu||||| |||| 00| 0 eng d |
| 040 ## - CATALOGING SOURCE | |
| Transcribing agency | RUA |
| 082 ## - DEWEY DECIMAL CLASSIFICATION NUMBER | |
| Classification number | FOR KON 2015 B524 Or. |
| 100 ## - MAIN ENTRY--PERSONAL NAME | |
| 9 (RLIN) | 11135 |
| Personal name | KONG KONGKEA; គង់ គង្គា |
| 245 ## - TITLE STATEMENT | |
| Title | Seed orchard management by kompeng community in pro-ngil commune, phnom kravan district, pursat province; ការគ្រប់គ្រងចំការឈើពូជដោយសហគមន៍កំពែង ឃុំព្រងិល ស្រុកភ្នំក្រវាញ ខេត្តពោធិ៍សាត់ |
| 260 ## - PUBLICATION, DISTRIBUTION, ETC. (IMPRINT) | |
| Place of publication, distribution, etc. | Phnom Penh |
| Name of publisher, distributor, etc. | RUA |
| Date of publication, distribution, etc. | 2015 |
| 300 ## - PHYSICAL DESCRIPTION | |
| Extent | xi; 39p. |
| Other physical details | ill. |
| Dimensions | 29cm. |
| 942 ## - ADDED ENTRY ELEMENTS (KOHA) | |
| Source of classification or shelving scheme | |
| Koha item type | FOR |
| Price effective from | Date last seen | Permanent Location | Not for loan | Date acquired | Source of classification or shelving scheme | Koha item type | Lost status | Withdrawn status | Date last checked out | Total Checkouts | Shelving location | Damaged status | Barcode | Current Location | Full call number |
|---|---|---|---|---|---|---|---|---|---|---|---|---|---|---|---|
| 2016-11-03 | 2016-11-03 | Library Block B | 2016-11-03 | FOR | B524 | A03623 | Library Block B | FOR KON 2015 B524 Or.1 | |||||||
| 2016-11-03 | 2016-11-03 | Library Block B | 2016-11-03 | FOR | B524 | A03229 | Library Block B | FOR KON 2015 B524 Or.2 | |||||||
| 2016-11-03 | 2016-11-03 | Library Block B | 2016-11-03 | FOR | B524 | A04067 | Library Block B | FOR KON 2015 B524 Or.3 | |||||||
| 2016-11-03 | 2016-11-03 | Library Block B | 2016-11-03 | FOR | B524 | A03471 | Library Block B | FOR KON 2015 B524 Or.4 | |||||||
| 2016-11-03 | 2016-11-03 | Library Block B | 2016-11-03 | FOR | B524 | A04346 | Library Block B | FOR KON 2015 B524 Or.5 | |||||||
| 2016-11-03 | 2016-11-03 | Library Block B | 2016-11-03 | FOR | B524 | A03627 | Library Block B | FOR KON 2015 B524 Or.6 | |||||||
| 2016-11-03 | 2016-11-03 | Library Block B | 2016-11-03 | FOR | B524 | A02996 | Library Block B | FOR KON 2015 B524 Or.7 | |||||||
| 2016-11-03 | 2016-11-03 | Library Block B | 2016-11-03 | FOR | B524 | A03552 | Library Block B | FOR KON 2015 B524 Or.8 | |||||||
| 2021-12-06 | 2022-04-04 | Library Block B | 2021-12-06 | FOR | 2022-04-01 | 1 | B487 | a065658 | Library Block B | FOR KON 2015 B487 Or.1 |